Top 10 Countries With The Most Disc Golf Courses Per Capita - Statistics

General Stats
  • This quiz has been taken 19 times
  • The average score is 8 of 10
Answer Stats
People Per Disc Golf Course Country % Correct
35,646 United States
100%
52,124 Canada
94%
41,227 Denmark
94%
5,519 Finland
94%
10,512 Norway
94%
16,828 Sweden
94%
7,030 Estonia
88%
55,115 Latvia
59%
52,884 New Zealand
53%
4,572 Iceland
41%
No matching quizzes found
Score Distribution
Percent of People with Each Score
Percentile by Number Answered
Your Score History
You have not taken this quiz